Fini la comédie - Dalida - Statistiques

Statistiques générales
  • Ce quiz a été pris 39 fois
  • Le résultat moyen est 140 sur 204
Statistiques - réponses
Hint Réponse % Correct
la
100%
à
95%
a
95%
| . C'est
95%
c'est
95%
comédie
95%
comme
95%
de
95%
fini
95%
le
90%
Le
90%
Tout
90%
tout
90%
avait
81%
commencé
81%
Dans
81%
succès
81%
une
81%
bleu
76%
Il
76%
il
76%
théâtre
76%
d'un
71%
Nous
71%
nous
71%
On
71%
pièce
71%
au
67%
décor
67%
en
67%
est
67%
les
67%
pas
67%
Pas
67%
temps
67%
banlieue
62%
des
62%
deux
62%
long
62%
mais
62%
n'a
62%
plus
62%
que
62%
Qui
62%
aimé
57%
changé
57%
n'étions
57%
Quand
57%
rien
57%
son
57%
gagné
52%
n'ont
52%
rideau
52%
s'est
52%
acteurs
48%
étrangers
48%
faut
48%
jouer
48%
longtemps
48%
mots
48%
quotidiens
48%
content
43%
côté
43%
joies
43%
n'avons
43%
peine
43%
baisser
38%
bien
38%
chacun
38%
commun
38%
d'oublier
38%
était
38%
point
38%
scènes
38%
voit
38%
monde
33%
seul
33%
devant
29%
longue
29%
route
29%
interdit
24%
parti
24%
sens
24%
transformait
24%
éternité
19%
garantie
19%
Aucun quiz correspondant
Distribution des résultats
% des personnes avec chaque résultat
Percentile par nombre de réponses
Votre historique - résultats
Vous n’avez pas pris ce quiz